Tous les Personnages de One Piece possédant le Haki des Rois - Statistiques

Statistiques générales
  • Ce quiz a été pris 129 fois
  • Le résultat moyen est 22 sur 26
Statistiques - réponses
Par images Réponse % Correct
Luffy
100%
Shanks
100%
Barbe Blanche
99%
Doflamingo
99%
Ace
98%
Big Mom
97%
Kaido
97%
Katakuri
96%
Kid
96%
Zoro
96%
Garp
93%
Im
93%
Oden
93%
Gol D Roger
92%
Rayleigh
91%
Hancock
90%
Sengoku
90%
Yamato
90%
Joy Boy
86%
Saturn
76%
Gaban
74%
Rocks D Xebec
74%
Harald
63%
Don Chinjao
57%
Marcus Mars
36%
Topman Warcury
31%
Aucun quiz correspondant
Distribution des résultats
% des personnes avec chaque résultat
Percentile par nombre de réponses
Votre historique - résultats
Vous n’avez pas pris ce quiz